Zbierka úloh z pravdepodobnosti a matematickej štatistiky

Bibliographic Details
Main Authors: Potocký, Rastislav, 1947- (Author), Kalas, Jozef, 1949-2000 (Author), Komorník, Jozef, 1950-2019 (Author), Lamoš, František, 1932- (Author)
Format: Book
Language:Slovak
PhysicalDescription:388 s. tab. 24 cm
Published: Bratislava Alfa 1991
ISBN:8005005245
Edition:2. vyd.
Series:Edícia matematicko-fyzikálnej literatúry
Subjects:

MARC

LEADER 00000cam a2200000 a 4500
001 vtls001064563
003 SK-MaSNL
005 20260302030511.0
008 130620s1991 xo l frnp 00000 slo
015 |a SNBA1991/10 
020 |a 8005005245  |q (brož.) 
035 |a SNK000007393 
040 |a SNK  |b slo  |c SNK  |e AACR2 
041 0 |a slo 
044 |a xo  |c SK 
072 7 |a 519.1/.8  |x Kombinatorika. Teória grafov. Matematická štatistika. Operačný výskum. Matematické modelovanie  |2 konspekt 
072 7 |a 37.016  |x Učebné osnovy. Vyučovacie predmety. Učebnice  |2 konspekt 
080 |a 519.2(075.8)(076.5)  |2 1981 
080 |a 519.2  |2 2011 
080 |a 519.22  |2 2011 
080 |a (076.1/.3)  |2 2011 
080 |a (075.8)  |2 2011 
245 0 0 |a Zbierka úloh z pravdepodobnosti a matematickej štatistiky  |c Rastislav Potocký ... [et al.] 
250 |a 2. vyd. 
260 |a Bratislava  |b Alfa  |c 1991 
300 |a 388 s.  |b tab.  |c 24 cm 
366 |e 2000 kusov 
490 1 |a Edícia matematicko-fyzikálnej literatúry 
504 |a Obsahuje bibliografiu 
650 0 7 |a pravdepodobnosť (matematika)  |2 SNKPH  |9 17964 
650 0 7 |a matematická štatistika  |2 SNKPH  |9 777 
655 7 |a učebnice vysokých škôl  |2 SNKPH  |9 70191 
655 7 |a zbierky úloh  |2 SNKPH  |9 70562 
700 1 |a Potocký, Rastislav,  |d 1947-  |4 aut  |9 113932 
700 1 |a Kalas, Jozef,  |d 1949-2000  |4 aut  |9 122886 
700 1 |a Komorník, Jozef,  |d 1950-2019  |4 aut  |9 238638 
700 1 |a Lamoš, František,  |d 1932-  |4 aut  |9 39517 
830 0 |a Edícia matematicko-fyzikálnej literatúry  |9 276804 
852 |a Slovenská národná knižnica 
919 |a 80-05-00524-5 
954 |a odborná, vedecká literatúra pôvodná (slovenská)  |2 lita 
958 |a RK 
958 |a TL 
958 |a NB 
958 |a OND 
958 |a UV 
999 |c 1047653  |d 1049583 
952 |a SNK  |b SNK  |y VYP  |7 0  |p 17A0554489  |o snkSC 79250 D2  |i snk2007/15299  |8 1  |0 0  |1 0  |4 0  |d 2007-06-14  |l 0  |r 2026-02-24 14:45:36  |w 2026-02-24 
952 |a SNK  |b SNK  |y PREZ  |7 0  |p 17A0993741  |o snkSC 79250   |0 0  |1 0  |4 0  |d 2012-08-09  |l 0  |r 2026-02-24 14:45:36  |w 2026-02-24 
952 |t P60, <04>, [BOOK], {604}  |a SNK  |b SNK  |y VYP  |7 0  |p 17A0018828  |o snkSC 79250 D1  |0 0  |1 0  |4 0  |d 1996-11-19  |l 0  |r 2005-01-01 00:00:00  |w 2026-02-24